|
|
|
|
| LEADER |
00000nab#a22000007a#4500 |
| 001 |
arbauad005062 |
| 003 |
AR-BaUAD |
| 005 |
20250711110659.0 |
| 008 |
940729|||||||||###||||||b###|0###a|spa|| |
| 040 |
|
|
|a AR-BaUAD
|c AR-BaUAD
|b spa
|
| 100 |
|
|
|a Guevara, Oscar
|
| 245 |
|
|
|a Macchu Pichu :
|b complejo arqueológico: ciudadela de Machu Picchu /
|c Oscar Guevara;
|
| 300 |
0 |
|
|b fot., planos
|
| 500 |
|
|
|a Interpretación arqueológica de la ciudadela
|
| 653 |
|
|
|a MACHU PICCHU
|
| 653 |
|
|
|a PERU
|
| 653 |
|
|
|a ARQUEOLOGIA
|
| 773 |
0 |
|
|t DANA
|g no. 12 [oct. 1981], p. 104-117
|
| 942 |
|
|
|c ARTI
|
| 952 |
|
|
|0 0
|1 0
|4 0
|7 0
|9 49982
|a AR-BAuAD
|b AR-BAuAD
|d 2025-07-11
|l 0
|p AAQA005062
|r 2025-07-11 11:06:59
|w 2025-07-11
|y ARTI
|
| 990 |
|
|
|a AQ198
|b TD
|
| 998 |
|
|
|a AAQ
|b BIBUN76
|
| 999 |
|
|
|c 29655
|d 29655
|